LEADER 01476nam0-2200433---450- 001 990002256200203316 005 20091117144720.0 010 $a88-14-11264-9 035 $a000225620 035 $aUSA01000225620 035 $a(ALEPH)000225620USA01 035 $a000225620 100 $a20041210d2004----km-y0enga50------ba 101 0 $aita 102 $aIT 105 $ay|||z|||001yy 200 1 $a<> esecuzione mobiliare$eespropriazione presso il debitore (artt. 513-542 cod. proc. civ.), espropriazione presso terzi (artt. 543-554 cod. proc. civ.)$fValentina Cacace 210 $aMilano$cGiuffrè$d2004 215 $aXXXIII, 641 p.$d24 cm 225 2 $aItinerari nel processo civile 410 0$12001$aItinerari nel processo civile 606 0 $aEsecuzione$xGiurisprudenza 676 $a347.4507702648 700 1$aCACACE,$bValentina$0424012 801 0$aIT$bsalbc$gISBD 912 $a990002256200203316 951 $aXXVII.1. Coll. 2/ 13(IG IX 407 19)$b43813 G.$cXXVII.1. Coll. 2/ (IG IX)$d00140127 951 $aCOLL IV c 14$b5173 DIRCE 959 $aBK 969 $aGIU 969 $aDIRCE 979 $aACQUISTI$b10$c20041210$lUSA01$h1233 979 $aRENATO$b90$c20050325$lUSA01$h1016 979 $aRENATO$b90$c20050325$lUSA01$h1017 979 $aRENATO$b90$c20050325$lUSA01$h1018 979 $aDIRCE$b90$c20050518$lUSA01$h1728 979 $aRSIAV1$b90$c20091117$lUSA01$h1447 996 $aEsecuzione mobiliare$9735729 997 $aUNISA